000 00778cam a2200277 4500
001 J97704
008 090401t1999 xxu||||| |||| 00| 0 eng d
035 _a(Sirsi) u92386
041 _aeng
050 _a332.6324
110 _aInvestment Property Databank
_92288
245 _aIPD UK annual index 1998.
260 _aLondon
_bInvestment Property Databank
_c1999
300 _a1 folded sheet (6)p. ; 30cm.
350 _a0
650 _aPROPERTY-COMMERCIAL PROPERTY
650 _aINDUSTRIAL PROPERTY
650 _aINSTITUTIONAL INVESTMENT
650 _aOFFICES
650 _aPROPERTY INVESTMENT
650 _aSHOPS
650 _aYIELDS
690 _aPROPERTY-COMMERCIAL PROPERTY-COMMERCIAL PROPERTY FINANCE AND INVESTMENT
942 _n0
948 _c26/03/1999
999 _c97744
_d97744